[Event "IECG CM.2005.0.00280"]
[Site "IECG email"]
[Date "2005.06.04"]
[Round "?"]
[White "Alvebring, Martin"]
[Black "Johansson, Mats"]
[Result "1/2-1/2"]
[WhiteElo "2251"]
[BlackElo "2260"]
[PlyCount "48"]
[EventDate "2005.06.04"]
[EventType "tourn (corr)"]
[EventRounds "6"]
[SourceTitle "Corr 2008"]
[Source "ChessBase"]
[SourceDate "2008.06.24"]
[SourceVersion "1"]
[SourceVersionDate "2008.06.24"]
[SourceQuality "1"]

1. e4 e6 2. d4 d5 3. Nc3 Bb4 4. e5 c5 5. a3 Bxc3+ 6. bxc3 Ne7 7. Qg4 0-0 8. Bd3 Nbc6 9. Qh5 Ng6 10. Nf3 Qc7 11. Be3 c4 12. Bxg6 fxg6 13. Qg4 Bd7 14. h4 Rf5 15. h5 gxh5 16. Rxh5 Rxh5 17. Qxh5 Be8 18. Qh3 Nd8 19. Bg5 Bf7 20. Kd2 Qd7 21. Rh1 Bg6 22. Nh4 Qf7 23. Nxg6 Qxg6 24. Bxd8 Rxd8 1/2-1/2

[Event "IECG CM.2005.0.00280"]
[Site "IECG email"]
[Date "2005.06.04"]
[Round "?"]
[White "Alvebring, Martin"]
[Black "Pavillar, Paul Newneil"]
[Result "1-0"]
[WhiteElo "2251"]
[BlackElo "2202"]
[PlyCount "105"]
[EventDate "2005.06.04"]
[EventType "tourn (corr)"]
[EventRounds "6"]
[SourceTitle "Corr 2008"]
[Source "ChessBase"]
[SourceDate "2008.06.24"]
[SourceVersion "1"]
[SourceVersionDate "2008.06.24"]
[SourceQuality "1"]

1. e4 c5 2. Nf3 d6 3. d4 cxd4 4. Nxd4 Nf6 5. Nc3 a6 6. Be3 e6 7. f3 b5 8. g4 h6 9. Qd2 Nbd7 10. 0-0-0 Bb7 11. h4 b4 12. Na4 Qa5 13. b3 Nc5 14. a3 Rc8 15. Qxb4 Qc7 16. Nxc5 dxc5 17. Qa4+ Nd7 18. Ne2 c4 19. b4 Bc6 20. Qxa6 Ra8 21. Qxc4 Rxa3 22. Bf4 Qb7 23. c3 Bb5 24. Qd4 Ra2 25. Kb1 Qa8 26. Nc1 Ra1+ 27. Kc2 Ba4+ 28. Kd2 Be7 29. Bd3 Bxd1 30. Rxd1 Qb7 31. Bd6 Bxh4 32. Kc2 Be7 33. e5 Bxd6 34. Qxd6 Qb6 35. Kb2 Ra7 36. Nb3 h5 37. Nd4 Qxd6 38. exd6 hxg4 39. fxg4 Rb7 40. Bb5 e5 41. Ra1 Rb8 42. Re1 Kf8 43. Ne6+ Ke8 44. Nc7+ Kd8 45. c4 Rh2+ 46. Kb3 Rh3+ 47. Kc2 Rh2+ 48. Kd3 Rh3+ 49. Ke4 Rh4 50. Kd5 Rxg4 51. Bxd7 Kxd7 52. Rxe5 Rh8 53. Re7+ 1-0

[Event "IECG WC.2004.F.00007"]
[Site "IECG email"]
[Date "2005.05.16"]
[Round "1"]
[White "Alvebring, Martin"]
[Black "Callow, Christopher"]
[Result "1/2-1/2"]
[WhiteElo "2312"]
[BlackElo "2194"]
[PlyCount "83"]
[EventDate "2005.05.16"]
[EventType "tourn (corr)"]
[EventRounds "6"]
[SourceTitle "Corr 2008"]
[Source "ChessBase"]
[SourceDate "2008.06.24"]
[SourceVersion "1"]
[SourceVersionDate "2008.06.24"]
[SourceQuality "1"]

1. d4 d5 2. c4 c6 3. Nf3 Nf6 4. Nc3 dxc4 5. a4 Bf5 6. e3 e6 7. Bxc4 Bb4 8. 0-0 0-0 9. Qe2 Nbd7 10. e4 Bg6 11. Bd3 Re8 12. e5 Bxd3 13. Qxd3 Nd5 14. Ng5 Nf8 15. Qf3 f6 16. exf6 Qxf6 17. Bd2 Rad8 18. Rfe1 h6 19. Qxf6 Nxf6 20. Nf3 N8d7 21. Rad1 Bd6 22. Ne5 Bxe5 23. dxe5 Nd5 24. Nxd5 exd5 25. f4 Kf7 26. Be3 Ke6 27. g4 g6 28. Kg2 b6 29. Kf3 c5 30. Bd2 Rf8 31. h4 h5 32. gxh5 gxh5 33. Ke3 Rg8 34. Rg1 Kf5 35. Kf3 Nb8 36. Rg5+ Rxg5 37. hxg5 Nc6 38. Rh1 Nd4+ 39. Kg3 Rh8 40. Rh4 Ne6 41. Kf2 a6 42. Ke3 1/2-1/2

[Event "CFriend WC-2004-F-00007"]
[Site "Chessfriend.com"]
[Date "2005.05.16"]
[Round "1"]
[White "Alvebring, Martin"]
[Black "Dziedzina, Michael"]
[Result "1-0"]
[WhiteElo "2312"]
[BlackElo "2184"]
[PlyCount "73"]
[EventDate "2005.??.??"]
[EventType "tourn (corr)"]
[EventRounds "6"]
[SourceTitle "Corr 2008"]
[Source "ChessBase"]
[SourceDate "2008.06.24"]
[SourceVersion "1"]
[SourceVersionDate "2008.06.24"]
[SourceQuality "1"]

1. d4 Nf6 2. Nf3 g6 3. c4 Bg7 4. Nc3 d5 5. Qb3 dxc4 6. Qxc4 0-0 7. e4 a6 8. Be2 b5 9. Qb3 c5 10. dxc5 Bb7 11. 0-0 Nxe4 12. Nxe4 Bxe4 13. Bg5 Nc6 14. Qe3 Bf5 15. Bh6 Bxb2 16. Rad1 Qa5 17. Bxf8 Rxf8 18. Bd3 Bxd3 19. Rxd3 Qxa2 20. Rd2 Qa3 21. Qe4 Rc8 22. Qd5 Bc3 23. Rd3 Nb4 24. Qb7 Nxd3 25. Qxc8+ Kg7 26. c6 Nb4 27. Ng5 Nxc6 28. Qxc6 Bf6 29. Ne4 Bd4 30. h4 Qd3 31. Qb7 Qa3 32. h5 Bb2 33. Rd1 Qb3 34. Rd7 a5 35. Kh2 Ba3 36. Qb8 Qb2 37. f4 1-0